La contaminación fluvial en el derecho internacional : casos recientes en la práctica sudamericana /

Guardado en:
Otros Autores: Gasol Varela, Claudia, (coord.), Capaldo, Griselda., Gonzalez Lapeyre, Edison., Mantecón, Cecilia., González Napolitano, Silvina., Rovere, Marta Brunilda., Sainz Borgo, Juan Carlos., Valls, Claudia., Valls, Mario., Vega, Alejandro.
Formato: Libro
Idioma:Spanish
Publicado: Buenos Aires : La Ley; Departamento de publicaciones UBA, 2013.
Edición:2a. ed.
Series:Colección Facultad de Derecho - Derecho Internacional Público y Derechos Humanos
Materias:
Etiquetas: Agregar Etiqueta
Sin Etiquetas, Sea el primero en etiquetar este registro!
LEADER 01305nam a22003495a 4500
001 DER.der012546
008 180615s2013####|||||||||||||||||#||spa||
005 20231227135955.0
245 1 0 |a La contaminación fluvial en el derecho internacional :  |b casos recientes en la práctica sudamericana /  |c Lilian Del Castillo...[et.al.]. 
250 |a 2a. ed. 
260 |a Buenos Aires :  |b La Ley; Departamento de publicaciones UBA,  |c 2013. 
300 |a 233 p. 
020 |a 9789870324973 
700 1 |a Del Castillo, Lilian,  |e dir. 
700 1 |a Gasol Varela, Claudia,  |e coord. 
700 1 |a Capaldo, Griselda. 
700 1 |a Gonzalez Lapeyre, Edison. 
700 1 |a Mantecón, Cecilia. 
700 1 |a González Napolitano, Silvina. 
700 1 |a Rovere, Marta Brunilda. 
700 1 |a Sainz Borgo, Juan Carlos. 
700 1 |a Valls, Claudia. 
700 1 |a Valls, Mario. 
700 1 |a Vega, Alejandro. 
830 0 |a Colección Facultad de Derecho - Derecho Internacional Público y Derechos Humanos 
650 7 |a CONTAMINACION TRANSFRONTERIZA 
650 7 |a RESPONSABILIDAD CIVIL 
650 7 |a DAÑOS CAUSADOS POR CONTAMINACION 
650 7 |a PROTECCION INTERNACIONAL DEL AGUA 
650 7 |a CUENCA MATANZA-RIACHUELO 
650 7 |a PREVENCION DE LA CONTAMINACION 
859 |a DERECHO  |b BIB. DERECHO  |h 346.046  |i CON  |p 007373